[Event "Slask-ch Bak Memorial"]
[Site "Chorzow"]
[Date "2016.09.18"]
[Round "3"]
[White "Pazdzior, Michal"]
[Black "Bobecki, Tadeusz"]
[Result "1-0"]
[WhiteElo "1664"]
[BlackElo "1785"]
[PlyCount "49"]
[EventDate "2016.09.17"]
[EventType "swiss"]
[EventRounds "9"]
[EventCountry "POL"]
[SourceTitle "EXT 2018"]
[Source "ChessBase"]
[SourceDate "2017.10.13"]
[SourceVersion "1"]
[SourceVersionDate "2017.10.13"]
[SourceQuality "1"]

1. e4 d5 2. exd5 Nf6 3. d4 Nxd5 4. c4 Nb4 5. a3 N4a6 6. Nc3 c6 7. Nf3 g6 8. Be3 Bg7 9. Be2 0-0 10. 0-0 Nd7 11. Qb3 Nf6 12. h3 Nc7 13. Rad1 Nce8 14. d5 Qc7 15. Nd4 Nd7 16. dxc6 bxc6 17. Nxc6 Ne5 18. Nd5 Qb7 19. Ndxe7+ Kh8 20. Qxb7 Bxb7 21. Na5 Bc8 22. f4 Nd7 23. Nxc8 Nb6 24. Nxb6 axb6 25. Bxb6 1-0

[Event "Slask-ch Bak Memorial"]
[Site "Chorzow"]
[Date "2016.09.17"]
[Round "2"]
[White "Bartosz, Piotr"]
[Black "Pazdzior, Michal"]
[Result "0-1"]
[WhiteElo "1452"]
[BlackElo "1664"]
[PlyCount "94"]
[EventDate "2016.09.17"]
[EventType "swiss"]
[EventRounds "9"]
[EventCountry "POL"]
[SourceTitle "EXT 2018"]
[Source "ChessBase"]
[SourceDate "2017.10.13"]
[SourceVersion "1"]
[SourceVersionDate "2017.10.13"]
[SourceQuality "1"]

1. e4 e6 2. d4 d5 3. Nc3 Nf6 4. e5 Nfd7 5. Nf3 c5 6. dxc5 Nc6 7. Bf4 Bxc5 8. Bd3 h6 9. 0-0 g5 10. Bg3 h5 11. h4 g4 12. Ng5 Ndxe5 13. Re1 Qf6 14. Nb5 Bb6 15. Nd6+ Kd7 16. Bb5 Ke7 17. Bxc6 Nxc6 18. Qxd5 Kf8 19. Qd2 Qd4 20. Qxd4 Nxd4 21. Ndxf7 Rg8 22. Bd6+ Kg7 23. Be5+ Kf8 24. Rad1 Nf5 25. g3 Ke7 26. Bc3 Nxg3 27. Nh6 Rg6 28. Nhf7 Nf5 29. Kf1 Bc7 30. Bb4+ Ke8 31. Re5 Bd7 32. Rc5 Bf4 33. Ne5 Bxe5 34. Rxe5 Nxh4 35. Nh7 Nf5 36. Nf8 Rg7 37. Rde1 Nd4 38. Bd6 Kf7 39. Nxd7 Nf3 40. Rxe6 Nxe1 41. Re7+ Kg6 42. Re6+ Kg5 43. Be7+ Rxe7 44. Rxe7 Nf3 45. c3 Rd8 46. Nc5 Rd1+ 47. Kg2 Rg1# 0-1